00735cam a2200217 a 4500020001700000040000800017082002600025100002500051245002300076250001200099260012000111300003300231490001600264520011800280650001900398650002000417650002000437650002000457650002000477650002000497 a0684192853 : cDLC00a909 SCR 1992 A101 Or.1 aJacobs, William Jay.10aWorld government / a1st ed. aNew York :bScribner ;aToronto :bMaxwell Macmillan Canada ;aNew York :bMaxwell Macmillan International,cc1992. axi, 306 p. :bill. ;c24 cm.1 aGreat lives aPresents biographical sketches of twenty-five world leaders from the early nineteenth century to the present day. 0aHeads of state 0aHistory, Modern 0aHistory, Modern 1aHeads of state. 1aHistory, Modern 1aHistory, Modern